[Event "AUTO-OPEN-902"]
[Site "http://www.queenalice.com/game.php?id=524470"]
[Date "2009.1.17"]
[Round "3"]
[White "petri"]
[Black "Papuchu"]
[Result "0-1"]
[WhiteElo "2170"]
[BlackElo "2408"]

1. d4 Nf6 2. c4 c5 3. d5 b5 4. Nf3 Bb7 5. a4 Qa5+ 6. Bd2 b4 7. Bg5 d6 8. Nbd2
Nbd7 9. e4 h6 10. Be3 Ng4 11. Bd3 Nxe3 12. fxe3 g6 13. O-O Bg7 14. Rf2 Qc7 15.
Qc2 O-O 16. Nb3 Rae8 17. Kh1 e6 18. a5 Nf6 19. h3 Ba6 20. Re1 Nd7 21. Rff1 Re7
22. Rf2 Rfe8 23. Qe2 Nf6 24. Nfd2 Nh5 25. Nf1 exd5 26. exd5 Rxe3 27. Qxe3 Rxe3
28. Rxe3 Be5 29. Ref3 Qe7 30. Nc1 f5 31. b3 Bc8 32. Ne2 Kg7 33. g3 Nf6 34. Nf4
Ne4 35. Re2 Nc3 36. Re1 h5 37. Ne3 Ne4 38. Bc2 Kh6 39. Neg2 Qf6 40. Ree3 g5 41.
Ne6 Nxg3+ 42. Rxg3 Bxg3 43. Rxg3 Bxe6 44. dxe6 f4 45. Rf3 Qxe6 46. Kg1 h4 47.
Kf2 d5 48. cxd5 Qxd5 49. Rd3 Qe6 50. Ne1 Kg7 51. Bd1 c4 52. Bg4 Qc6 53. Rd7+ Kf6
54. bxc4 Qxc4 55. Rd6+ Ke7 56. Re6+ Kf7 57. Nf3 Qc5+ 58. Kf1 Qc1+ 59. Re1 Qc4+
60. Kg2 Qa2+ 61. Kh1 b3 62. Be6+ Kf6 63. Bd5 Qf2 64. Rg1 b2 65. Be4 Qe3 66. Nxg5
f3 67. Bb1 f2 68. Ne4+ Ke5 69. Nxf2 Qxf2 70. Bh7 Kd4 71. Rg2 Qe1+ 72. Rg1 Qxa5
73. Bb1 Qd2 74. Bh7 a5 75. Bb1 a4 76. Ba2 a3 77. Rg4+ Ke3 78. Rg1 Qc1 79. Kh2
Qa1 80. Bb1 a2 81. Bxa2 Qxa2 0-1

[Event "AUTO-OPEN-902"]
[Site "http://www.queenalice.com/game.php?id=524471"]
[Date "2009.1.17"]
[Round "3"]
[White "Papuchu"]
[Black "petri"]
[Result "1-0"]
[WhiteElo "2402"]
[BlackElo "2199"]

1. d4 Nf6 2. c4 c5 3. d5 b5 4. cxb5 a6 5. bxa6 g6 6. Nc3 Bxa6 7. f4 Bg7 8. Nf3
Qa5 9. Bd2 O-O 10. e4 d6 11. Bxa6 Qxa6 12. Qe2 Nfd7 13. Kf2 Nb6 14. Rhe1 Qxe2+
15. Rxe2 Na6 16. a3 e6 17. dxe6 fxe6 18. e5 d5 19. b3 d4 20. Nb5 Nd5 21. g3 Rfb8
22. a4 Bf8 23. Ree1 Be7 24. Rec1 Rb7 25. Ke2 Rab8 26. Rab1 h6 27. Kd3 Rd7 28.
Ke4 Nb6 29. Ba5 Nd5 30. Nd2 Rf8 31. Nc4 Rb7 32. Ncd6 Rd8 33. Bxd8 Bxd6 34. exd6
Rd7 35. Ba5 Kf7 36. b4 cxb4 37. Kxd4 h5 38. Rc6 Nb8 39. Rc8 Ne7 40. Rxb8 Nc6+
41. Kc5 Nxb8 42. Bc7 Na6+ 43. Kb6 h4 44. Kxa6 hxg3 45. hxg3 b3 46. Kb7 1-0

[Event "Challenge"]
[Site "http://www.queenalice.com/game.php?id=600816"]
[Date "2009.6.9"]
[Round "-"]
[White "Dyggo"]
[Black "Papuchu"]
[Result "0-1"]
[WhiteElo "2052"]
[BlackElo "2407"]

1. e4 c5 2. Nf3 Nc6 3. d4 cxd4 4. Nxd4 Qc7 5. Nc3 e6 6. Be3 Nf6 7. Bd3 a6 8. O-O
Ne5 9. h3 Bc5 10. Kh1 d6 11. f4 Ng6 12. Bg1 Bd7 13. Qf3 O-O 14. Rad1 b5 15. a3
Bxa3 16. Ncxb5 axb5 17. bxa3 Rxa3 18. Qe2 b4 19. Bb5 Rc8 20. e5 Nd5 21. exd6
Qxd6 22. Bxd7 Qxd7 23. f5 Nc3 24. fxe6 fxe6 25. Qxe6+ Qxe6 26. Nxe6 Nxd1 27.
Rxd1 Ra2 28. Rd7 Nf8 29. Rxg7+ Kh8 30. Rc7 Rxc7 31. Nxc7 Rxc2 32. Nd5 b3 33. Ne7
Rc1 34. Kh2 Rxg1 0-1

[Event "Challenge"]
[Site "http://www.queenalice.com/game.php?id=600817"]
[Date "2009.6.9"]
[Round "-"]
[White "Papuchu"]
[Black "Dyggo"]
[Result "1-0"]
[WhiteElo "2406"]
[BlackElo "2032"]

1. d4 d5 2. c4 c6 3. Nf3 Nf6 4. Nc3 e6 5. Bg5 dxc4 6. e4 b5 7. e5 h6 8. Bh4 g5
9. Nxg5 hxg5 10. Bxg5 Nbd7 11. exf6 Bb7 12. g3 a6 13. Bg2 Qb6 14. O-O O-O-O 15.
Qg4 Bh6 16. Ne4 c5 17. Bxh6 Bxe4 18. Qxe4 Rxh6 19. Rfd1 Nxf6 20. Qa8+ Qb8 21.
Qxa6+ 1-0

[Event "AUTO-ELITE-455"]
[Site "http://www.queenalice.com/game.php?id=694586"]
[Date "2009.12.8"]
[Round "1"]
[White "gafilho"]
[Black "Papuchu"]
[Result "0-1"]
[WhiteElo "2369"]
[BlackElo "2418"]

1. d4 Nf6 2. c4 c5 3. Nf3 cxd4 4. Nxd4 Nc6 5. Nc3 Qb6 6. Nb3 e6 7. Bg5 Be7 8. e4
O-O 9. Bd3 Ne5 10. Be2 d6 11. O-O Bd7 12. Rc1 a6 13. Be3 Qc7 14. Nd4 Rac8 15. b3
Rfe8 16. f4 Nc6 17. Bf3 Qa5 18. Rf2 Nxd4 19. Qxd4 Bc6 20. e5 dxe5 21. fxe5 Red8
22. Qf4 Ba3 23. Rcc2 Bxf3 24. Rxf3 Bb4 25. exf6 Bxc3 26. fxg7 Rd7 27. Rf1 Qe5
28. Qf3 Qxe3+ 29. Qxe3 Bd4 30. Qxd4 Rxd4 31. Rcf2 Rc7 32. Rf3 Rcd7 33. Rg3 Rd2
34. a4 R7d3 35. Rxd3 Rxd3 36. Rf3 Rxf3 37. gxf3 a5 38. Kf2 Kxg7 39. Ke3 e5 40.
c5 f5 41. Kd3 Kf7 42. Kc4 Ke6 43. b4 axb4 44. Kxb4 Kd5 0-1

[Event "AUTO-ELITE-455"]
[Site "http://www.queenalice.com/game.php?id=694587"]
[Date "2009.12.8"]
[Round "1"]
[White "Papuchu"]
[Black "gafilho"]
[Result "1-0"]
[WhiteElo "2411"]
[BlackElo "2361"]

1. d4 f5 2. g3 Nf6 3. Bg2 e6 4. Nh3 c6 5. c4 d5 6. Nd2 Bd6 7. O-O O-O 8. Qc2
Nbd7 9. cxd5 cxd5 10. Nf3 Re8 11. Bf4 e5 12. dxe5 Nxe5 13. Nxe5 Bxe5 14. Rfd1
Qd6 15. Qb3 Be6 16. Qxb7 Reb8 17. Bxe5 Qxe5 18. Qc6 Rc8 19. Qa6 Rc2 20. b3 Bf7
21. Nf4 Rac8 22. Bf3 R8c7 23. Nd3 Qe7 24. Rac1 Ne4 25. Rxc2 Rxc2 26. Qa5 g5 27.
Rc1 Rxc1+ 28. Nxc1 Qc5 29. Qxc5 Nxc5 30. e3 a5 31. Ne2 Kg7 32. Nd4 Kf6 33. Nc6
g4 34. Be2 a4 35. b4 Be8 36. Nd4 Ne6 37. Bd3 Nxd4 38. exd4 a3 39. b5 Ke6 40. Kf1
Bd7 41. Ke2 Kd6 42. Kd2 Kc7 43. Kc3 Kb6 44. Kb4 h6 45. Kxa3 Ka5 46. Kb3 1-0

[Event "AUTO-ELITE-455"]
[Site "http://www.queenalice.com/game.php?id=694590"]
[Date "2009.12.8"]
[Round "1"]
[White "Plis"]
[Black "Papuchu"]
[Result "1/2-1/2"]
[WhiteElo "2424"]
[BlackElo "2425"]

1. e4 e5 2. Nf3 Nf6 3. Nxe5 d6 4. Nf3 Nxe4 5. d4 d5 6. Bd3 Nc6 7. O-O Be7 8. c4
Nb4 9. Be2 Be6 10. Qa4+ Qd7 11. Qxd7+ Bxd7 12. Nc3 Be6 13. Bf4 c6 14. Rfc1 g5
15. Be3 f6 16. a3 Na6 17. cxd5 Nxc3 18. bxc3 cxd5 19. Bb5+ 1/2-1/2

[Event "AUTO-ELITE-455"]
[Site "http://www.queenalice.com/game.php?id=694591"]
[Date "2009.12.8"]
[Round "1"]
[White "Papuchu"]
[Black "Plis"]
[Result "1/2-1/2"]
[WhiteElo "2425"]
[BlackElo "2430"]

1. d4 d5 2. c4 dxc4 3. Nf3 Nf6 4. e3 e6 5. Bxc4 c5 6. O-O a6 7. a4 cxd4 8. exd4
Nc6 9. Nc3 Be7 10. d5 exd5 11. Nxd5 Nxd5 12. Bxd5 O-O 13. Qb3 Nb4 14. Bc4 Nc6
15. Rd1 Qc7 16. Bd5 Nb4 17. Bg5 Nxd5 18. Rac1 Qb8 19. Qxd5 Be6 20. Qe4 1/2-1/2

[Event "AUTO-ELITE-455"]
[Site "http://www.queenalice.com/game.php?id=729383"]
[Date "2010.2.10"]
[Round "2"]
[White "Matrick"]
[Black "Papuchu"]
[Result "0-1"]
[WhiteElo "2354"]
[BlackElo "2425"]

1. e4 e5 2. Nf3 Nf6 3. Nc3 Nc6 4. d3 d5 5. exd5 Nxd5 6. g3 Bg4 7. Bg2 Nd4 8. a3
c6 9. Ne4 Qd7 10. O-O O-O-O 11. Re1 Nxf3+ 12. Bxf3 h5 13. h4 f5 14. Ng5 Bd6 15.
c4 Nf6 16. Be3 Bb8 17. Bxg4 Nxg4 18. Bc5 b6 19. Bb4 Qxd3 20. Qa4 Kb7 21. Nf7 e4
22. Nxd8+ Rxd8 23. Qd1 Bxg3 0-1

[Event "AUTO-ELITE-455"]
[Site "http://www.queenalice.com/game.php?id=729384"]
[Date "2010.2.10"]
[Round "2"]
[White "Papuchu"]
[Black "Matrick"]
[Result "1-0"]
[WhiteElo "2432"]
[BlackElo "2355"]

1. d4 Nf6 2. c4 g6 3. Nc3 Bg7 4. e4 d6 5. Nf3 O-O 6. h3 e5 7. d5 Nbd7 8. Be3 Nc5
9. Nd2 a5 10. g4 Ne8 11. Qc2 f5 12. gxf5 gxf5 13. Rg1 f4 14. Bxc5 dxc5 15. Nf3
Kh8 16. O-O-O Nd6 17. Rxg7 Kxg7 18. Nxe5 f3 19. Nd3 b6 20. e5 Nxc4 21. Nb5 Nxe5
22. Qc3 Qg5+ 23. Kb1 Qf6 24. Nxe5 Bf5+ 25. Bd3 Rae8 26. Bxf5 Rxe5 27. Rg1+ Kh8
28. Be6 h5 29. Nxc7 Re2 30. Qxf6+ Rxf6 31. Rd1 Rxf2 32. d6 Rf8 33. d7 Rd8 34.
Bc4 Re2 35. Ne6 1-0

[Event "AUTO-ELITE-679"]
[Site "http://www.queenalice.com/game.php?id=873234"]
[Date "2010.12.17"]
[Round "1"]
[White "lelinho"]
[Black "Papuchu"]
[Result "0-1"]
[WhiteElo "2291"]
[BlackElo "2442"]

1. d4 Nf6 2. c4 e6 3. Nf3 b6 4. g3 Ba6 5. Qc2 c5 6. Bg2 Nc6 7. dxc5 Bxc5 8. a3
Rc8 9. Qa4 Bxc4 10. Qxc4 Nb4 11. Qb3 Nc2+ 12. Qxc2 Bxf2+ 13. Kd1 Rxc2 14. Kxc2
O-O 15. Nc3 Qa8 16. Ne1 d5 17. Nd3 Bd4 18. Bg5 Ne4 19. Bf4 Rc8 20. Rhc1 Nxc3 21.
bxc3 Bxc3 22. Ra2 Qc6 23. Kd1 Qa4+ 24. Rcc2 Qd4 25. Bd2 Qg1+ 26. Ne1 d4 27. e3
Rd8 28. Bxc3 dxc3+ 29. Ke2 Qxh2 30. Rxc3 Qxg3 31. Rac2 h5 32. Rc7 h4 0-1

[Event "AUTO-ELITE-679"]
[Site "http://www.queenalice.com/game.php?id=873235"]
[Date "2010.12.17"]
[Round "1"]
[White "Papuchu"]
[Black "lelinho"]
[Result "1-0"]
[WhiteElo "2447"]
[BlackElo "2292"]

1. d4 Nf6 2. c4 g6 3. Nc3 Bg7 4. e4 d6 5. Nf3 O-O 6. h3 e5 7. d5 Nfd7 8. g4 a5
9. Be3 Na6 10. a3 Nb6 11. Be2 Nc5 12. b4 Na6 13. c5 axb4 14. axb4 dxc5 15. bxc5
Nd7 16. c6 bxc6 17. dxc6 Ndb8 18. Qxd8 Rxd8 19. Bb5 Be6 20. Ng5 Bf8 21. Nxe6
fxe6 22. O-O Rd6 23. Ra4 Rxc6 24. Bxc6 Nxc6 25. Rfa1 Ncb4 26. R1a3 c5 27. Na2
Rc8 28. Rxa6 Nxa6 29. Rxa6 Kf7 30. Ra7+ Kg8 31. Nc3 c4 32. Kf1 h6 33. Ke2 g5 34.
Kd2 Bb4 35. Rb7 Ba5 36. Rb5 Ra8 37. Rxe5 Bb4 38. Kc2 Ra3 39. Bd4 Kf7 40. Rb5
Bxc3 41. Bxc3 Ra2+ 42. Bb2 Ra7 43. Rc5 Ra4 44. Rc7+ Ke8 45. Kc3 Kd8 46. Rxc4 Ra7
47. Kd3 1-0

[Event "AUTO-ELITE-679"]
[Site "http://www.queenalice.com/game.php?id=873240"]
[Date "2010.12.17"]
[Round "1"]
[White "Papuchu"]
[Black "LoveChess"]
[Result "0-1"]
[WhiteElo "2472"]
[BlackElo "2721"]

1. d4 Nf6 2. c4 g6 3. Nc3 Bg7 4. e4 d6 5. Nf3 O-O 6. h3 e5 7. d5 a5 8. Be3 Na6
9. g4 Nc5 10. Nd2 h6 11. Be2 Qd7 12. Rg1 Qd8 13. h4 Nfd7 14. h5 g5 15. Qc2 a4
16. O-O-O c6 17. Nf1 cxd5 18. cxd5 Nf6 19. Bxc5 dxc5 20. a3 Bd7 21. Ne3 Ra5 22.
Nc4 b5 23. Nxa5 Qxa5 24. d6 c4 25. Kb1 Rb8 26. f3 Be6 27. Na2 Qb6 28. Qc3 Ne8
29. Nb4 Nxd6 30. Rge1 Nb7 31. Nd5 Bxd5 32. Rxd5 Na5 33. Red1 Nc6 34. Rd6 Bf8 35.
Rxc6 Qxc6 36. Qxe5 Re8 37. Qd5 Qb6 38. Qd4 Qb8 39. Qd7 Rc8 40. Qf5 Rc5 41. Rd5
Rxd5 42. Qxd5 Bg7 43. Bd1 Qe5 44. Qxe5 Bxe5 45. Kc2 Kg7 46. Kc1 Kf6 47. Kb1 Ke7
48. Kc2 Kd6 49. Kb1 Kc5 50. Kc2 Kd4 51. Kd2 Bf4+ 52. Kc2 f6 0-1

[Event "AUTO-ELITE-679"]
[Site "http://www.queenalice.com/game.php?id=873241"]
[Date "2010.12.17"]
[Round "1"]
[White "LoveChess"]
[Black "Papuchu"]
[Result "1/2-1/2"]
[WhiteElo "2737"]
[BlackElo "2455"]

1. d4 d5 2. c4 dxc4 3. Nf3 Nf6 4. e3 e6 5. Bxc4 c5 6. O-O a6 7. h3 b5 8. Bd3 Bb7
9. a4 b4 10. Nbd2 Be7 11. Nb3 Nbd7 12. Re1 cxd4 13. exd4 O-O 14. Bf4 Qb6 15. Qe2
a5 16. Nfd2 Rfc8 17. Rec1 Rxc1+ 18. Rxc1 Bc6 19. Nc4 Qd8 20. Nbxa5 Bd5 21. Qc2
h6 22. Bh2 Ra7 23. f3 Qa8 24. Bf4 Qd8 25. Rd1 Bf8 26. Bh2 Qa8 27. Kh1 Ra6 28.
Bc7 Qa7 29. Bf4 Qa8 30. Bh2 Qa7 31. Bf1 Qa8 32. Rc1 Qa7 33. Qd1 Qa8 34. Qe2 Qa7
35. Qd2 Qa8 36. Qd3 Qa7 37. Qe2 Qa8 38. Qd1 1/2-1/2

[Event "AUTO-ELITE-687"]
[Site "http://www.queenalice.com/game.php?id=880563"]
[Date "2011.1.3"]
[Round "1"]
[White "Papuchu"]
[Black "docesenhora"]
[Result "1-0"]
[WhiteElo "2438"]
[BlackElo "2215"]

1. d4 d5 2. c4 dxc4 3. e4 Nc6 4. Be3 Nf6 5. Nc3 e5 6. d5 Na5 7. Nf3 Bg4 8. Qa4+
c6 9. Nxe5 b5 10. Nxb5 cxb5 11. Qxb5+ Bd7 12. Nxd7 Nxd7 13. Bd2 1-0

[Event "AUTO-ELITE-687"]
[Site "http://www.queenalice.com/game.php?id=880564"]
[Date "2011.1.3"]
[Round "1"]
[White "docesenhora"]
[Black "Papuchu"]
[Result "0-1"]
[WhiteElo "2215"]
[BlackElo "2452"]

1. d4 Nf6 2. c4 e6 3. Nc3 Bb4 4. Qc2 O-O 5. a3 Bxc3+ 6. Qxc3 b6 7. Nf3 Bb7 8. e3
d6 9. Be2 Nbd7 10. O-O Ne4 11. Qc2 f5 12. b4 Qf6 13. Bb2 Qh6 14. d5 c5 15. dxc6
Bxc6 16. Rad1 e5 17. Qb3 Qe6 18. Nd2 Nef6 19. h3 Rfc8 20. Qd3 a5 21. Nb1 Ne4 22.
Nc3 Ndf6 23. f3 Nxc3 24. Bxc3 axb4 25. Bxb4 Rd8 26. Rd2 e4 27. Qd4 exf3 28. Bxf3
Bxf3 29. Rxf3 d5 30. cxd5 Rxd5 31. Qc4 Rc8 32. Qb3 g6 33. Rf1 Kf7 34. Rfd1 Rxd2
35. Qxe6+ Kxe6 36. Rxd2 Rc1+ 37. Kh2 Nd5 38. Bf8 Rc3 39. Rd4 Rxe3 40. Rc4 f4 41.
Rc6+ Kf5 42. Rd6 Ke5 43. Rd7 Re2 44. Kg1 Ne3 45. Kh1 Re1+ 46. Kh2 Nf1+ 47. Kg1
Ng3+ 0-1

[Event "AUTO-ELITE-687"]
[Site "http://www.queenalice.com/game.php?id=880565"]
[Date "2011.1.3"]
[Round "1"]
[White "Papuchu"]
[Black "puddschini"]
[Result "1-0"]
[WhiteElo "2462"]
[BlackElo "2543"]

1. d4 d5 2. c4 e6 3. Nc3 Nf6 4. cxd5 exd5 5. Bg5 c6 6. e3 h6 7. Bh4 Be7 8. Qc2
Nbd7 9. Bd3 O-O 10. Nf3 Re8 11. O-O Ne4 12. Bxe7 Qxe7 13. b4 Qxb4 14. Nxe4 dxe4
15. Bxe4 Nf6 16. Rab1 Qe7 17. Bd3 Be6 18. Rfc1 Rac8 19. e4 Red8 20. h3 b5 21. a4
b4 22. a5 b3 23. Qc3 Nh5 24. Ba6 Rc7 25. d5 Bc8 26. Bxc8 Rdxc8 27. Qxb3 cxd5 28.
Rxc7 Qxc7 29. Qxd5 Nf4 30. Qf5 g6 31. Qf6 Ne2+ 32. Kh1 Re8 33. e5 Re6 34. Qh4
Kg7 35. Qb4 Rc6 36. Rb2 Nc3 37. Qd4 Kh7 38. a6 Rxa6 39. Rc2 Rc6 40. e6 Nb5 41.
Rxc6 Qxc6 42. Qd7 Qxe6 43. Qxb5 Qa2 44. Qd7 a5 45. Kh2 Qc4 46. g3 a4 47. Ne5 Qa2
48. Kg2 Kg8 49. Qc8+ Kg7 50. Qc4 Qb3 51. Qxb3 axb3 52. Nd3 h5 53. Kf3 1-0

[Event "AUTO-ELITE-687"]
[Site "http://www.queenalice.com/game.php?id=880566"]
[Date "2011.1.3"]
[Round "1"]
[White "puddschini"]
[Black "Papuchu"]
[Result "1/2-1/2"]
[WhiteElo "2522"]
[BlackElo "2461"]

1. e4 c5 2. Nf3 e6 3. d4 cxd4 4. Nxd4 a6 5. c4 Nf6 6. Nc3 Bb4 7. Bd3 Nc6 8. a3
Bxc3+ 9. bxc3 Qa5 10. Bd2 Ne5 11. Qe2 Nxd3+ 12. Qxd3 Qe5 13. f3 d5 14. cxd5 exd5
15. O-O dxe4 16. Rae1 O-O 17. fxe4 Re8 18. Nf3 Qh5 19. e5 Bf5 20. Qd4 Ng4 21. h3
Nh6 22. Qb6 Rab8 23. Nd4 Qg6 24. Qxg6 Bxg6 25. g4 Rbd8 26. Rf4 Kh8 27. h4 b5 28.
h5 Bd3 29. g5 Nf5 30. Nxf5 Bxf5 31. Rxf5 Rxd2 32. e6 fxe6 33. Rxe6 Red8 34. Rxa6
Rc2 35. Rc6 g6 36. hxg6 hxg6 37. Rf2 Rxf2 38. Kxf2 Rd5 39. Rxg6 Rc5 40. Rh6+ Kg7
41. Rh3 Kg6 42. Ke2 Rc4 43. Rd3 Kxg5 44. Rd5+ Kf6 45. Kd3 Ra4 46. Rxb5 Rxa3 47.
Rd5 Ke6 48. Rd8 Ke7 49. Rd4 Ke6 50. Kc4 Ra8 51. Kb3 Rb8+ 52. Rb4 Rh8 53. Rb6+
Kd7 54. c4 Kc7 55. Rg6 1/2-1/2

[Event "MELHOR DO BRASIL"]
[Site "http://www.queenalice.com/game.php?id=924698"]
[Date "2011.4.11"]
[Round "1"]
[White "Papuchu"]
[Black "BRASILOV"]
[Result "1/2-1/2"]
[WhiteElo "2469"]
[BlackElo "2492"]

1. d4 Nf6 2. c4 e6 3. Nc3 Bb4 4. Qc2 O-O 5. a3 Bxc3+ 6. Qxc3 b6 7. Bg5 Bb7 8. e3
d6 9. f3 Nbd7 10. Bd3 h6 11. Bh4 Rc8 12. Ne2 c5 13. b3 d5 14. O-O Ba6 15. a4
dxc4 16. Bxc4 Bxc4 17. bxc4 cxd4 18. exd4 Nd5 19. Qe1 Ne7 20. Qb4 Nc6 21. Bxd8
Nxb4 22. Be7 Nc2 23. Rac1 Rfe8 24. Rxc2 Rxe7 25. a5 Nf6 26. Rfc1 Rec7 27. axb6
axb6 28. Rc3 g5 29. Kf2 Kg7 30. R1c2 Ra7 31. Ng3 Rd8 32. Ne2 Ra4 33. Rb2 Nd7 34.
h3 Rc8 35. Rbc2 Rb4 36. Kg3 Kg6 37. h4 f5 38. hxg5 hxg5 39. Nc1 e5 40. dxe5 Nxe5
41. Nd3 f4+ 42. Kf2 Nxd3+ 43. Rxd3 Rc6 44. Rd8 Kf7 1/2-1/2